| 000 | 00391nam a22001457a 4500 | ||
|---|---|---|---|
| 008 | 250522b |||||||| |||| 00| 0 eng d | ||
| 020 | _a9783070118 | ||
| 050 |
_aRT86.7 _b.U34 2012 |
||
| 100 | _aUfere Antony A. | ||
| 245 | _aThe Good Nurse Plus | ||
| 260 |
_aLagos _bSebana Books & Publishing House. _c2012 |
||
| 300 |
_avi, 238p: _billustration; |
||
| 650 | _aPractical Nursing | ||
| 942 | _cBK | ||
| 999 |
_c3593 _d3593 |
||